01659 2200661 4500001002100000005001500021035002000036007000300056008004100059020001800100082001200118084001800130100001500148245009000163260003700253300002500290650002500315700003300340990001600373990001600389990001600405990001600421990001600437990001600453990001600469990001600485990001600501990001600517990001600533990001600549990001600565990001600581990001600597990001600613990001600629990001600645990001600661990001600677990001600693990001600709990001600725990001600741990001600757990001600773990001600789990001600805990001600821990001600837990001600853990001600869990001600885990001600901990001600917990001600933990001600949990001600965990001600981INLIS00000000000094520181121085340 a0010-1118000306ta181121 g 0 ind  a9789791446266 a371. 27 a371. 27 WAH e0 aWahidmurni1 aEvaluasi pembelajaran: kompetensi dan praktik :bkompetensi dan praktik /cWahidmurni aYogyakarta :bNuha Litera,c2010 aviii,156 p. ;c24 cm aPendidikan-Statistik0 aAlfin Mustikawan. Ali Ridhoi a00000003517 a00000003513 a00000003514 a00000003515 a00000003516 a00000003516 a00000003513 a00000003514 a00000003515 a00000003517 a00000003515 a00000003513 a00000003514 a00000003516 a00000003517 a00000003514 a00000003513 a00000003515 a00000003516 a00000003517 a00000003513 a00000003514 a00000003515 a00000003516 a00000003517 a00000005074 a00000003513 a00000003514 a00000003515 a00000003516 a00000003517 a00000005073 a00000005073 a00000003513 a00000003514 a00000003515 a00000003516 a00000003517 a00000005074